Statistics for Formula one drivers championship winning countries

Click here to take the quiz!

General Stats

  • This quiz has been taken 1,335 times
  • The average score is 12 of 14

Answer Stats

Hint Answer % Correct
10United kingdom
99%
2Germany
99%
3Brazil
97%
2Italy
95%
1Spain
95%
1France
94%
3Finland
92%
2United States
92%
2Australia
90%
1Argentina
87%
2Austria
86%
1Canada
84%
1South Africa
70%
1New Zealand
66%

Score Distribution

Percentile by Number Answered

Percent of People with Each Score

Your Score History

You have not taken this quiz